| 000 | 00461nam a2200169 a 4500 | ||
|---|---|---|---|
| 005 | 20260322212038.0 | ||
| 008 | data | ||
| 020 | _a9781453632918 | ||
| 096 | _aWM 605 S224 2010 | ||
| 100 | 1 | _aSamenow, Stanton E. | |
| 245 | 1 | 4 |
_aThe myth of the out of character crime/ _cStanton E. Samenow. |
| 260 |
_a[Scotts Valley, Calif. : _b CreateSpace, _c2010. |
||
| 300 |
_aBook 217 p. ; _b24 cm. |
||
| 650 | 0 | _aCriminal psychology | |
| 650 | 0 | _aCriminal behavior | |
| 001 | data | ||
| 999 |
_c906 _d906 |
||